000 00634nam a2200133 a 4500
008 070606s2005 ||||||||||||||||| || u
050 _aTHESIS/STUDENT
100 _aMusole Mulyokela Timothy
245 1 0 _aEnhancing human resource management in construction organisations through stress management
_cThesis Supervised by Mr.T. Daka
260 _aKitwe
_bCopperbelt University, School of Built Environment, Deparment of Building Science
_c2005
350 _a0.00
650 _aBUILDING
995 _D0.00
_FCBU-MAIN LIBRARY (Kitwe)
_H1
_I0.00
_M1
_UAVAILABLE
_WJun 6, 2007
_ZUniversity Collection
999 _c42059
_d42059